000 00667nam a2200205 i 4500
001 41269
003 ES-MaACL
005 20250707074235.0
007 t|
008 030310s1947 po ||||1| por d
100 1 _aCarvalho, Joaquim de.
_935961
245 1 0 _aEstudos sobre a cultura portuguesa do século XVI /
_cJoaquím de Carvalho.
260 _a[S.l.] :
_bUniversidade,
_c1947 (
_eCoimbra :
_fAtlántida)
300 _a2 v. ;
_c22 cm.
490 1 _aActa Universitatis Conimbrigensis
710 2 _aUniversidade de Coimbra.
_97461
830 0 0 _aActa Universitatis Conimbrigensis
_9181764
852 _aES-MaACL
_jE-4719-20
999 _c41269
_d41269